Ciudades Romanas de Hispania - Estadísticas

Estadísticas generales
  • Esta prueba ha sido intentada 160 veces
    156 desde el último reinicio
  • La puntuación promedio es 25 de 51
Estadísticas de respuestas
Hint Respuesta % Correcto
Corduba Cordoba
98%
Malaca Málaga
98%
Hispalis Sevilla
98%
Gades Cádiz
97%
Tarraco Tarragona
92%
Onuba Huelva
91%
Barcino Barcelona
86%
Salmantica Salamanca
84%
Toletum Toledo
84%
Valentia Valencia
84%
Ilerda Lérida / Lleida
80%
Lucus Augusti Lugo
79%
Caesar Augusta Zaragoza
78%
Emerita Augusta Mérida
75%
Saguntum Sagunto
73%
Osca Huesca
70%
Pompaelo Pamplona / Iruña
64%
Ilici Elche
61%
Ebusus Ibiza
61%
Legio León
61%
Pallantia Palencia
58%
Iaca Jaca
57%
Lucus Asturum Oviedo
56%
Palmaria Palmensis Palma de Mallorca
53%
Lucentum Alicante
48%
Portus Magnus Almería
45%
Portus Cale Oporto
44%
Dertosa Tortosa
44%
Complutum Alcalá de Henares
43%
Olissipo Lisboa
43%
Brigantium La Coruña / A Coruña
42%
Asturica Augusta Astorga
38%
Bracara Augusta Braga
38%
Emporiom Ampurias
37%
Alba Albacete
32%
Norba Caesarina Caceres
32%
Sexi Almuñecar
30%
Dianium Denia
30%
Segobriga Cuenca
23%
Astigi Ecija
20%
Urso Osuna
15%
Iria Flavia Padron
11%
Segontia Sigüenza
9%
Virovesca Briviesca
7%
Flaviobriga Castro Urdiales
7%
Acci Guadix
7%
Uxama Osma
7%
Pollentia Alcudia
5%
Tudae Tuy
5%
Pax Iulia Beja
4%
Deobriga Miranda de Ebro
2%
No se encontraron pruebas coincidentes
Distribución de puntuación
Porcentaje de gente con cada puntuación
Porcentaje por número respondido
Historial de tus puntuaciones
No has intentado esta prueba desde el último reinicio